000 00249nam a2200097Ia 4500
008 120527s9999 xx 000 0 und d
100 _aClemson, W. etal.
245 _aPrimary science : teachers Book year 4.
260 _bStanlay Thomas.
942 _cBK
999 _c15121
_d15121